[Event "RA-2010-0-00090"]
[Site "Lechenicher SchachServer"]
[Date "2010.05.16"]
[Round "?"]
[White "Kroes, Friso"]
[Black "Sacerdotali, Sergio"]
[Result "1/2-1/2"]
[WhiteElo "2049"]
[BlackElo "2162"]
[PlyCount "73"]
[EventDate "2010.04.17"]
[SourceTitle "OM Corr 202003"]
[Source "Opening Master"]
[SourceDate "2019.05.30"]
[SourceVersion "2"]
[SourceVersionDate "2019.05.30"]
[SourceQuality "1"]

1. e4 e5 2. Nf3 Nc6 3. c3 d5 4. Qa4 f6 5. Bb5 Nge7 6. exd5 Qxd5 7. O-O e4 8. c4
Qd6 9. c5 Qxc5 10. d4 Qd6 11. d5 exf3 12. dxc6 bxc6 13. Bc4 Be6 14. Re1 Bxc4
15. Qxc4 Qd5 16. Qa4 Kf7 17. Nc3 Qd7 18. gxf3 Rd8 19. Bf4 Nd5 20. Rad1 Bc5 21.
Qc4 Bb6 22. Re2 g5 23. Bg3 h5 24. Red2 Qe6 25. Re2 Qf5 26. Red2 Kg6 27. Nxd5
cxd5 28. Rxd5 Rxd5 29. Rxd5 Qb1+ 30. Kg2 h4 31. f4 Re8 32. f5+ Kh6 33. Bxh4 Re1
34. h3 Rc1 35. Bxg5+ fxg5 36. Rd6+ cxd6 37. Qe6+ 1/2-1/2

[Event "Pays de Champagne op-A 1st"]
[Site "Recy"]
[Date "2010.05.15"]
[Round "5"]
[White "Rigolot, Lucie"]
[Black "Rouffignac, Tanguy"]
[Result "1-0"]
[WhiteElo "1873"]
[BlackElo "1897"]
[PlyCount "37"]
[EventDate "2010.05.??"]
[EventType "swiss"]
[EventRounds "6"]
[EventCountry "FRA"]
[SourceTitle "EXT 2011"]
[Source "ChessBase"]
[SourceDate "2010.11.26"]
[SourceVersion "1"]
[SourceVersionDate "2010.11.26"]
[SourceQuality "1"]

1. e4 e5 2. Nf3 Nc6 3. c3 Nf6 4. d4 Nxe4 5. d5 Ne7 6. Nxe5 Ng6 7. Nxg6 hxg6 8.
Bd3 Nc5 9. O-O d6 10. Re1+ Be7 11. Bg5 f6 12. Bxg6+ Kf8 13. Qf3 Nd7 14. Bf4 Ne5
15. Bxe5 dxe5 16. Rxe5 Bg4 17. Qxg4 fxe5 18. Qf5+ Kg8 19. Qe6+ 1-0

[Event "Spijkenisse op"]
[Site "Spijkenisse"]
[Date "2010.05.15"]
[Round "3"]
[White "Oosterbaan, Tristan"]
[Black "Sandifort, Jerry"]
[Result "1-0"]
[WhiteElo "1351"]
[BlackElo "1493"]
[PlyCount "75"]
[EventDate "2010.05.14"]
[EventType "swiss"]
[EventRounds "6"]
[EventCountry "NED"]
[SourceTitle "CBM 136 Extra"]
[Source "ChessBase"]
[SourceDate "2010.07.02"]
[SourceVersion "2"]
[SourceVersionDate "2010.07.15"]
[SourceQuality "1"]

1. e4 e5 2. Nf3 Nc6 3. c3 d6 4. d4 exd4 5. cxd4 Bg4 6. Bb5 a6 7. h3 Bxf3 8.
Bxc6+ bxc6 9. Qxf3 Qf6 10. Qxf6 Nxf6 11. e5 Nd5 12. O-O dxe5 13. Re1 Be7 14.
Rxe5 O-O 15. Nc3 Bf6 16. Re4 Nb4 17. Bf4 Rac8 18. Be5 Bxe5 19. dxe5 Nd3 20. b4
Rb8 21. a3 c5 22. Rd1 cxb4 23. Rxd3 bxc3 24. Rxc3 Rb7 25. f4 Rd8 26. f5 Rd2 27.
Rg3 Rb1+ 28. Kh2 Rdd1 29. Rc3 Rdc1 30. Rec4 Rxc3 31. Rxc3 Rb7 32. Rc6 h6 33.
Rxa6 Rb5 34. e6 Rxf5 35. e7 Re5 36. Ra8+ Kh7 37. e8=Q Rxe8 38. Rxe8 1-0

[Event "Bargteheide op"]
[Site "Bargteheide"]
[Date "2010.05.14"]
[Round "4"]
[White "Michna, Christian"]
[Black "Bodnar, Alexander"]
[Result "1-0"]
[WhiteElo "2249"]
[BlackElo "2312"]
[PlyCount "45"]
[EventDate "2010.05.13"]
[EventType "swiss"]
[EventRounds "7"]
[EventCountry "GER"]
[SourceTitle "CBM 136 Extra"]
[Source "ChessBase"]
[SourceDate "2010.07.02"]
[SourceVersion "2"]
[SourceVersionDate "2010.07.15"]
[SourceQuality "1"]

1. e4 e5 2. Nf3 Nc6 3. c3 d5 4. Qa4 dxe4 5. Nxe5 Qd5 6. Bb5 Nge7 7. Nxc6 Nxc6
8. O-O Bf5 9. d4 exd3 10. Re1+ Be6 11. Bf4 O-O-O 12. Nd2 a6 13. Bc4 Qd7 14.
Bxa6 bxa6 15. Qxa6+ Kb8 16. Re4 Na7 17. Ra4 Bc5 18. Ne4 d2 19. Rd1 Qxa4 20.
Qxa4 Bb6 21. Rxd2 Bd5 22. Qd1 Nc6 23. Rxd5 1-0

[Event "Syre Memorial op 33th"]
[Site "Issy les Moulineaux"]
[Date "2010.05.14"]
[Round "1"]
[White "Aveline, Philippe"]
[Black "Bourogaa, Younes"]
[Result "0-1"]
[WhiteElo "2142"]
[BlackElo "1930"]
[PlyCount "33"]
[EventDate "2010.05.13"]
[EventType "swiss"]
[EventRounds "6"]
[EventCountry "FRA"]
[SourceTitle "EXT 2011"]
[Source "ChessBase"]
[SourceDate "2010.11.26"]
[SourceVersion "1"]
[SourceVersionDate "2010.11.26"]
[SourceQuality "1"]

1. e4 e5 2. Nf3 Nc6 3. c3 Nf6 4. d4 Nxe4 5. d5 Ne7 6. Nxe5 Ng6 7. Nxg6 hxg6 8.
Qf3 Nf6 9. Be3 Qe7 10. Nd2 Qe5 11. Bc4 Rh5 12. O-O-O Rf5 13. Qh3 Rh5 14. Qg3
Qxg3 15. hxg3 Nxd5 16. Rxh5 Nxe3 17. Re5+ 0-1

[Event "8. Stockerauer Schach-Open"]
[Site "Veranstaltungszentrum Z2000 -"]
[Date "2010.05.13"]
[Round "2"]
[White "Strassmair, Christian"]
[Black "De Leon, Angelica"]
[Result "0-1"]
[WhiteElo "1501"]
[BlackElo "1536"]
[PlyCount "38"]
[EventDate "2010.05.13"]
[EventRounds "5"]
[SourceTitle "OM OTB B 201907"]
[Source "Opening Master"]
[SourceDate "2019.07.06"]
[SourceVersion "2"]
[SourceVersionDate "2019.07.06"]
[SourceQuality "1"]

1. e4 e5 2. Nf3 Nc6 3. c3 Nf6 4. Qc2 d5 5. exd5 Nxd5 6. Bc4 Bg4 7. Be2 Nf4 8.
Rg1 Nxe2 9. Kxe2 Qd5 10. d3 O-O-O 11. Nbd2 Bc5 12. Re1 Rhe8 13. Ne4 Bxf3+ 14.
gxf3 f5 15. Nxc5 Qxc5 16. Be3 Nd4+ 17. Bxd4 exd4+ 18. Kf1 Qc6 19. f4 Qh1# 0-1

[Event "Berlin-ch Class-D"]
[Site "Berlin"]
[Date "2010.05.13"]
[Round "2"]
[White "Zhang, Yichi"]
[Black "Kantusch, Tobias"]
[Result "0-1"]
[WhiteElo "805"]
[BlackElo "886"]
[PlyCount "94"]
[EventDate "2010.05.12"]
[EventType "tourn"]
[EventRounds "9"]
[EventCountry "GER"]
[SourceTitle "EXT 2012"]
[Source "ChessBase"]
[SourceDate "2011.11.24"]
[SourceVersion "1"]
[SourceVersionDate "2011.11.24"]
[SourceQuality "1"]

1. e4 e5 2. Nf3 Nc6 3. c3 Bc5 4. d3 Nf6 5. d4 exd4 6. cxd4 Bb4+ 7. Bd2 Bxd2+ 8.
Nbxd2 Qe7 9. Bd3 d5 10. e5 Ne4 11. Nxe4 dxe4 12. Bxe4 Qb4+ 13. Qd2 Qxd2+ 14.
Nxd2 Nxd4 15. Nb3 Nxb3 16. axb3 Be6 17. Bxb7 Rb8 18. Bc6+ Kf8 19. Rd1 g6 20.
Bd7 Bxb3 21. O-O Bxd1 22. Rxd1 Rxb2 23. e6 Kg7 24. e7 Rhb8 25. h3 Re2 26. e8=Q
Rexe8 27. Bxe8 Rxe8 28. g4 Re6 29. Rb1 Rb6 30. Rc1 c6 31. Kg2 a5 32. Kg3 a4 33.
Kh4 a3 34. Kg5 a2 35. f4 Rb1 36. Rxc6 a1=Q 37. f5 h6+ 38. Kh4 gxf5 39. gxf5
Qd4+ 40. Kh5 Rb4 41. f6+ Kh7 42. Rc4 Qe5+ 43. Kg4 Rxc4+ 44. Kf3 Rc3+ 45. Kg4
Qg3+ 46. Kf5 Rc4 47. h4 Qf4# 0-1

[Event "Pays de Champagne op-A 1st"]
[Site "Recy"]
[Date "2010.05.13"]
[Round "1"]
[White "Rigolot, Lucie"]
[Black "Rouffignac, Marie"]
[Result "1-0"]
[WhiteElo "1873"]
[BlackElo "1575"]
[PlyCount "141"]
[EventDate "2010.05.??"]
[EventType "swiss"]
[EventRounds "6"]
[EventCountry "FRA"]
[SourceTitle "EXT 2011"]
[Source "ChessBase"]
[SourceDate "2010.11.26"]
[SourceVersion "1"]
[SourceVersionDate "2010.11.26"]
[SourceQuality "1"]

1. e4 e5 2. Nf3 Nc6 3. c3 Nf6 4. d4 exd4 5. e5 Nd5 6. cxd4 d6 7. Bb5 Bd7 8. O-O
Be7 9. Bd2 O-O 10. Bc4 Nb6 11. Bb3 Bg4 12. Bc3 dxe5 13. dxe5 Qxd1 14. Rxd1 Bxf3
15. gxf3 Rad8 16. f4 Rxd1+ 17. Bxd1 Nd5 18. Bd2 Kh8 19. Nc3 Rd8 20. Bb3 Nxc3
21. Bxc3 f6 22. Re1 fxe5 23. fxe5 Bg5 24. e6 Ne7 25. Be5 c6 26. Re4 Nd5 27. h4
Bf6 28. h5 Re8 29. Bxf6 gxf6 30. Kg2 Kg7 31. Kg3 f5 32. Ra4 a6 33. Bxd5 cxd5
34. Ra5 Rxe6 35. Rxd5 Rb6 36. b3 Kf6 37. Rd7 h6 38. f4 Ke6 39. Rg7 Rc6 40. Rxb7
Rc3+ 41. Kh4 Rf3 42. Rb6+ Kd5 43. Rxh6 Rxf4+ 44. Kg5 Ke5 45. Rxa6 Rg4+ 46. Kh6
f4 47. Rg6 Rxg6+ 48. hxg6 f3 49. g7 f2 50. g8=Q f1=Q 51. Qe8+ Kd6 52. Qb8+ Kd7
53. a4 Qf6+ 54. Kh5 Qf5+ 55. Kh4 Qf6+ 56. Kg3 Qg5+ 57. Kf3 Qd5+ 58. Ke3 Qc5+
59. Kd3 Qd5+ 60. Kc3 Qc5+ 61. Kb2 Qf2+ 62. Ka3 Qc5+ 63. Kb2 Qf2+ 64. Kc1 Qe1+
65. Kc2 Qf2+ 66. Kd3 Qf3+ 67. Kc4 Qe4+ 68. Kb5 Qd5+ 69. Ka6 Qd6+ 70. Qxd6+ Kxd6
71. b4 1-0

[Event "It (open) (juniors) (under 20)"]
[Site "Asuncion (Paraguay)"]
[Date "2010.05.12"]
[Round "2"]
[White "Perez, Matias"]
[Black "Cuellar, Diego"]
[Result "1/2-1/2"]
[WhiteElo "2141"]
[BlackElo "2133"]
[PlyCount "78"]
[EventDate "2010.??.??"]
[EventRounds "9"]
[EventCountry "PAR"]
[SourceTitle "OM OTB B 201907"]
[Source "Opening Master"]
[SourceDate "2019.07.06"]
[SourceVersion "2"]
[SourceVersionDate "2019.07.06"]
[SourceQuality "1"]

1. e4 e5 2. Nf3 Nc6 3. c3 d5 4. Bb5 dxe4 5. Nxe5 Bd7 6. Nxd7 Qxd7 7. Qa4 Nf6 8.
O-O Bd6 9. d3 exd3 10. Bg5 O-O 11. Bxf6 gxf6 12. Qh4 Qf5 13. Bxc6 bxc6 14. Nd2
Qg5 15. Nf3 Qxh4 16. Nxh4 Rab8 17. b3 Rbd8 18. Rfd1 Rfe8 19. Kf1 Be5 20. Rac1
Bf4 21. Ra1 d2 22. Nf3 Rd3 23. Nd4 Be5 24. Ne2 Red8 25. Rab1 Bxc3 26. Nxc3 Rxc3
27. Rb2 c5 28. Ke2 c4 29. b4 Re8+ 30. Kxd2 Rd3+ 31. Kc1 c3 32. Rc2 Red8 33.
Rxd3 Rxd3 34. Re2 Rd4 35. a3 a5 36. bxa5 Ra4 37. Ra2 Rxa5 38. Kc2 Kf8 39. Kxc3
c5 1/2-1/2

[Event "GER-ch Schools U18 Girls"]
[Site "Germany"]
[Date "2010.05.08"]
[Round "6.3"]
[White "Weigold, Celina"]
[Black "Kauselmann, Laura"]
[Result "0-1"]
[WhiteElo "800"]
[BlackElo "899"]
[PlyCount "36"]
[EventDate "2010.05.07"]
[EventType "team-swiss"]
[EventRounds "7"]
[EventCountry "GER"]
[SourceTitle "EXT 2011"]
[Source "ChessBase"]
[SourceDate "2010.11.26"]
[SourceVersion "1"]
[SourceVersionDate "2010.11.26"]
[SourceQuality "1"]
[WhiteTeam "Karlsruhe KG (W)"]
[BlackTeam "Koenigsbach KMG (W)"]
[WhiteTeamCountry "GER"]
[BlackTeamCountry "GER"]

1. e4 e5 2. Nf3 Nc6 3. c3 Nf6 4. d4 d6 5. Bb5 a6 6. Bd3 Bg4 7. h3 Bh5 8. g4 Bg6
9. O-O Qd7 10. g5 Nh5 11. c4 exd4 12. Na3 Qxh3 13. Re1 Be7 14. Nh2 Ne5 15. f3
Nxd3 16. Qxd3 Qg3+ 17. Kf1 Qxh2 18. Qxd4 Ng3# 0-1

[Event "V. Egri Tavasz "]
[Site "?"]
[Date "2010.05.08"]
[Round "3"]
[White "Papp, Zsolt"]
[Black "Czimer, Jozsef"]
[Result "1-0"]
[WhiteElo "2313"]
[BlackElo "1833"]
[PlyCount "63"]
[EventDate "2010.??.??"]
[EventRounds "5"]
[SourceTitle "OM OTB B 201907"]
[Source "Opening Master"]
[SourceDate "2019.07.06"]
[SourceVersion "2"]
[SourceVersionDate "2019.07.06"]
[SourceQuality "1"]

1. e4 e5 2. Nf3 Nc6 3. c3 Nf6 4. d4 Nxe4 5. d5 Ne7 6. Nxe5 Ng6 7. Nxg6 hxg6 8.
Bd3 Nf6 9. c4 Bc5 10. Nc3 Qe7+ 11. Kf1 c6 12. Bg5 Qe5 13. Qd2 Rxh2 14. Rg1 Bxf2
15. Bf4 Qd4 16. Bxh2 Ng4 17. Rh1 f5 18. Bf4 Kf7 19. Be2 Qxd2 20. Bxd2 Bd4 21.
Bxg4 fxg4 22. d6 b6 23. Re1 Bf6 24. Ne4 Bxb2 25. Nc3 Ba6 26. Re4 b5 27. Ke1
bxc4 28. Kd1 Kg8 29. Re7 Rb8 30. Rhe1 Kf8 31. Rf1+ Kg8 32. Rff7 1-0

[Event "FICS rated standard game"]
[Site "FICS freechess.org"]
[Date "2010.05.08"]
[Round "?"]
[White "Pawns"]
[Black "Cuilin"]
[Result "1/2-1/2"]
[WhiteElo "2121"]
[BlackElo "2072"]
[PlyCount "54"]
[EventDate "2010.??.??"]
[SourceTitle "OM Portal C 201906"]
[Source "Opening Master"]
[SourceDate "2019.06.27"]
[SourceVersion "1"]
[SourceVersionDate "2019.06.27"]
[SourceQuality "1"]

1. e4 e5 2. Nf3 Nc6 3. c3 Nf6 4. d4 Nxe4 5. d5 Ne7 6. Nxe5 Ng6 7. Qd4 Qe7 8.
Qxe4 Qxe5 9. Qxe5+ Nxe5 10. Bf4 Bd6 11. Bg3 O-O 12. Nd2 f5 13. f3 f4 14. Bf2
Be7 15. Nc4 Nxc4 16. Bxc4 d6 17. Kd2 Bf6 18. Bb5 a6 19. Ba4 b5 20. Bc2 Rb8 21.
Rhe1 Bd7 22. Re4 Rfe8 23. Rae1 Rxe4 24. Rxe4 Re8 25. Rxe8+ Bxe8 26. Bf5 Bf7 27.
Be4 g5 1/2-1/2

[Event "UKR-ch"]
[Site "Alushta"]
[Date "2010.05.06"]
[Round "4"]
[White "Kutsyj, Alexander"]
[Black "Iakymov, Volodymyr"]
[Result "0-1"]
[WhiteElo "2343"]
[BlackElo "2476"]
[PlyCount "76"]
[EventDate "2010.05.03"]
[EventType "swiss"]
[EventRounds "9"]
[EventCountry "UKR"]
[SourceTitle "CBM 136 Extra"]
[Source "ChessBase"]
[SourceDate "2010.07.02"]
[SourceVersion "2"]
[SourceVersionDate "2010.07.15"]
[SourceQuality "1"]

1. e4 Nc6 2. Nf3 e5 3. c3 Nf6 4. d4 d5 5. Bb5 exd4 6. Nxd4 Bd7 7. exd5 Nxd4 8.
Bxd7+ Qxd7 9. Qxd4 Qxd5 10. Qe3+ Qe4 11. O-O Qxe3 12. Bxe3 Nd5 13. Bc1 O-O-O
14. c4 Nb4 15. Nc3 Nd3 16. b3 Bd6 17. Rb1 Be5 18. Ne4 Rhe8 19. Ng3 Bd4 20. Ba3
a5 21. Rbd1 Ba7 22. Rd2 g6 23. Nh1 Nf4 24. Rxd8+ Rxd8 25. Rb1 Rd2 26. Kf1 Nd3
27. Be7 Nxf2 28. Ng3 f5 29. Ne2 Ne4 30. Ra1 c6 31. Bh4 Rc2 32. Be1 a4 33. bxa4
Rxc4 34. a5 Rc2 35. Bb4 Bb8 36. a3 Be5 37. Rd1 Ra2 38. Be1 h5 0-1

[Event "RA-2010-0-00089"]
[Site "Lechenicher SchachServer"]
[Date "2010.05.06"]
[Round "?"]
[White "Kroes, Friso"]
[Black "Meulemans, Bart"]
[Result "0-1"]
[WhiteElo "2049"]
[BlackElo "2093"]
[PlyCount "94"]
[EventDate "2010.03.29"]
[SourceTitle "OM Corr 202003"]
[Source "Opening Master"]
[SourceDate "2019.05.30"]
[SourceVersion "2"]
[SourceVersionDate "2019.05.30"]
[SourceQuality "1"]

1. e4 e5 2. Nf3 Nc6 3. c3 d5 4. Qa4 f6 5. Bb5 Nge7 6. exd5 Qxd5 7. O-O e4 8. c4
Qd6 9. c5 Qxc5 10. d4 Qd6 11. Nfd2 f5 12. Nc4 Qe6 13. Nc3 a6 14. Ne3 Ra7 15.
Bxc6+ Qxc6 16. Qb3 b5 17. a4 b4 18. Qxb4 Rb7 19. Qa5 Qb6 20. Qxb6 Rxb6 21. f3
exf3 22. Rxf3 g5 23. Nc4 Rb4 24. b3 f4 25. Ba3 Rxb3 26. Re1 g4 27. Bxe7 Bxe7
28. Rxe7+ Kd8 29. Nd5 gxf3 30. Ne5 Rb1+ 31. Kf2 Bb7 32. Nf7+ Kc8 33. Rxc7+ Kb8
34. Rxb7+ Rxb7 35. Nxh8 fxg2 36. Kxg2 Rd7 37. Nb6 Rxd4 38. Nf7 Kc7 39. a5 Rd2+
40. Kh3 Ra2 41. Nc4 Kc6 42. Ng5 Kc5 43. Nd2 Kd4 44. Kg4 Kd3 45. Ndf3 h6 46. Nh3
Ke4 47. Nxf4 Rf2 0-1

[Event "FICS rated standard game"]
[Site "FICS freechess.org"]
[Date "2010.05.06"]
[Round "?"]
[White "zegovernata"]
[Black "GrainMaster"]
[Result "1-0"]
[WhiteElo "2084"]
[BlackElo "2284"]
[PlyCount "51"]
[EventDate "2010.??.??"]
[SourceTitle "OM Portal C 201906"]
[Source "Opening Master"]
[SourceDate "2019.06.27"]
[SourceVersion "1"]
[SourceVersionDate "2019.06.27"]
[SourceQuality "1"]

1. e4 e5 2. Nf3 Nc6 3. c3 d5 4. Qa4 dxe4 5. Nxe5 Bd7 6. Nxd7 Qxd7 7. Qxe4+ Be7
8. Bb5 Nf6 9. Qc4 O-O 10. O-O Bd6 11. d4 a6 12. Bxc6 bxc6 13. Nd2 Rfe8 14. Nf3
Nd5 15. Bd2 Nb6 16. Qd3 c5 17. Rfe1 Rxe1+ 18. Rxe1 cxd4 19. Ng5 f5 20. cxd4 h6
21. Qb3+ Kh8 22. Nf7+ Kh7 23. Bxh6 Re8 24. Rxe8 Qxe8 25. Be3 Qe4 26. Ng5+ 1-0

[Event "UKR-ch"]
[Site "Alushta"]
[Date "2010.05.04"]
[Round "2"]
[White "Tantsiura, Marja"]
[Black "Bortnyk, Olexandr"]
[Result "0-1"]
[WhiteElo "2011"]
[BlackElo "2339"]
[PlyCount "68"]
[EventDate "2010.05.03"]
[EventType "swiss"]
[EventRounds "9"]
[EventCountry "UKR"]
[SourceTitle "CBM 136 Extra"]
[Source "ChessBase"]
[SourceDate "2010.07.02"]
[SourceVersion "2"]
[SourceVersionDate "2010.07.15"]
[SourceQuality "1"]

1. e4 e5 2. Nf3 Nc6 3. c3 d5 4. Qa4 dxe4 5. Nxe5 Qd5 6. Nxc6 bxc6 7. Bc4 Qd6 8.
b3 Bd7 9. Ba3 Qg6 10. Bxf8 Kxf8 11. Na3 Nf6 12. O-O-O Ng4 13. f3 Nf2 14. fxe4
Nxh1 15. Rxh1 Qxe4 16. Rf1 f6 17. Qa5 Qe7 18. Nc2 Qd6 19. Qh5 Be8 20. Qh4 Bf7
21. Bxf7 Kxf7 22. Qe4 Qd5 23. Qf4 Rhe8 24. Ne3 Qd3 25. Nf5 Qd7 26. g4 Kg8 27.
g5 fxg5 28. Qxg5 Rf8 29. Ne7+ Kh8 30. Re1 Rae8 31. Qh4 Qd6 32. Re3 Rd8 33. d4
Rd7 34. Qg3 Qa3+ 0-1

[Event "Budapest FS05 GM"]
[Site "Budapest"]
[Date "2010.05.03"]
[Round "3"]
[White "Czebe, Attila"]
[Black "Solomon, Kenny"]
[Result "1-0"]
[WhiteElo "2480"]
[BlackElo "2351"]
[PlyCount "87"]
[EventDate "2010.05.01"]
[EventType "tourn"]
[EventRounds "9"]
[EventCountry "HUN"]
[EventCategory "7"]
[SourceTitle "CBM 136 Extra"]
[Source "ChessBase"]
[SourceDate "2010.07.02"]
[SourceVersion "2"]
[SourceVersionDate "2010.07.15"]
[SourceQuality "1"]

1. e4 e5 2. Nf3 Nc6 3. c3 Nf6 4. d3 d5 5. Nbd2 a5 6. g3 dxe4 7. dxe4 Bc5 8. h3
O-O 9. Be2 Ne8 10. Kf1 Nd6 11. Kg2 Be6 12. Bd3 b5 13. a4 b4 14. Qe2 Rb8 15. Bb5
Bd7 16. Nc4 bxc3 17. bxc3 Nxb5 18. axb5 Rxb5 19. Ncxe5 Nxe5 20. Nxe5 Bb6 21.
Nxd7 Qxd7 22. c4 Rb3 23. Rd1 Qc6 24. Rd5 Re8 25. Bb2 Rb4 26. Rc1 f5 27. Rcd1
Rxe4 28. Qf3 Re8 29. Bxg7 Rxc4 30. Ba1 Rc2 31. Bd4 Rf8 32. Kh2 a4 33. Qf4 Rc4
34. Rd7 Qxd7 35. Qg5+ Kf7 36. Qg7+ Ke6 37. Re1+ Kd6 38. Qxf8+ Kc6 39. Bxb6 cxb6
40. Qf6+ Kc5 41. Re5+ Kb4 42. Qxb6+ Ka3 43. Re3+ Ka2 44. Re2+ 1-0

[Event "Ostrava op"]
[Site "Ostrava"]
[Date "2010.05.03"]
[Round "3"]
[White "Lizner, Milan"]
[Black "Hlubina, Pavel"]
[Result "1-0"]
[WhiteElo "2090"]
[BlackElo "1965"]
[PlyCount "42"]
[EventDate "2010.05.01"]
[EventType "swiss"]
[EventRounds "9"]
[EventCountry "CZE"]
[SourceTitle "EXT 2011"]
[Source "ChessBase"]
[SourceDate "2010.11.26"]
[SourceVersion "1"]
[SourceVersionDate "2010.11.26"]
[SourceQuality "1"]

1. e4 e5 2. Nf3 Nc6 3. c3 Nf6 4. d4 exd4 5. e5 Nd5 6. Bb5 Be7 7. Qb3 Nb6 8.
cxd4 d5 9. Be3 O-O 10. O-O Bd7 11. Nc3 a6 12. Be2 Be6 13. Rac1 Na5 14. Qc2 Rc8
15. Rfd1 Nac4 16. Bf4 c5 17. b3 Na3 18. Qb2 cxd4 19. Nxd4 Rc7 20. Nf3 Qd7 21.
Be3 Na8 1-0

[Event "HUN-chT2 Toth 0910"]
[Site "Hungary"]
[Date "2010.05.02"]
[Round "11.5"]
[White "Mike, Peter"]
[Black "Egri, Laszlo"]
[Result "1-0"]
[WhiteElo "2194"]
[BlackElo "2032"]
[PlyCount "71"]
[EventDate "2009.11.08"]
[EventType "team-tourn"]
[EventRounds "11"]
[EventCountry "HUN"]
[SourceTitle "EXT 2011"]
[Source "ChessBase"]
[SourceDate "2010.11.26"]
[SourceVersion "1"]
[SourceVersionDate "2010.11.26"]
[SourceQuality "1"]
[WhiteTeam "Maroczy II"]
[BlackTeam "Kisujszallas"]
[WhiteTeamCountry "HUN"]
[BlackTeamCountry "HUN"]

1. e4 e5 2. Nf3 Nc6 3. c3 Nf6 4. d4 Nxe4 5. d5 Nb8 6. Bd3 Nc5 7. Nxe5 Nxd3+ 8.
Nxd3 Be7 9. O-O O-O 10. Bf4 d6 11. Qf3 Nd7 12. Nd2 Nf6 13. h3 Bf5 14. Rae1 Qd7
15. Bg5 Rae8 16. g4 Bxd3 17. Qxd3 Nxd5 18. Qxd5 c6 19. Rxe7 Rxe7 20. Qf3 f6 21.
Bf4 d5 22. Nb3 b6 23. Nd4 Rfe8 24. Rd1 Re1+ 25. Rxe1 Rxe1+ 26. Kg2 Re4 27. Nf5
Re6 28. Be3 Re4 29. Ng3 Re8 30. Qf4 Qe6 31. Qc7 Re7 32. Qb8+ Re8 33. Qxa7 c5
34. Nf5 Qf7 35. Qxf7+ Kxf7 36. Nd6+ 1-0

[Event "Ostrava op"]
[Site "Ostrava"]
[Date "2010.05.02"]
[Round "2"]
[White "Reznicek, Marcel"]
[Black "Jarolim, Jan"]
[Result "1-0"]
[WhiteElo "2050"]
[BlackElo "1850"]
[PlyCount "115"]
[EventDate "2010.05.01"]
[EventType "swiss"]
[EventRounds "9"]
[EventCountry "CZE"]
[SourceTitle "EXT 2011"]
[Source "ChessBase"]
[SourceDate "2010.11.26"]
[SourceVersion "1"]
[SourceVersionDate "2010.11.26"]
[SourceQuality "1"]

1. e4 e5 2. Nf3 Nc6 3. c3 d6 4. d4 Bg4 5. d5 Nce7 6. Bg5 h6 7. Bh4 Nf6 8. Bxf6
gxf6 9. Nbd2 f5 10. Qa4+ Qd7 11. Qb3 O-O-O 12. Bb5 c6 13. dxc6 Nxc6 14. O-O-O
fxe4 15. Nxe4 Qc7 16. Nf6 Bxf3 17. gxf3 Nd4 18. Qa4 Nxb5 19. Qxb5 Be7 20. Nd5
Bg5+ 21. Kb1 Qd7 22. Qc4+ Kb8 23. h4 Be7 24. Ne3 Qe6 25. Qe4 Rhg8 26. Rd2 Rc8
27. Rhd1 Rc6 28. f4 exf4 29. Qxf4 Qf6 30. Qxf6 Bxf6 31. Nf5 Rd8 32. f4 Rc4 33.
Rxd6 Kc7 34. Rxd8 Bxd8 35. Rd4 Rxd4 36. cxd4 h5 37. Kc2 Kd7 38. Kd3 Ke6 39. Ke4
Bf6 40. b3 b6 41. Ng3 Bxh4 42. f5+ Kd6 43. Nxh5 a5 44. Nf4 b5 45. Nd3 f6 46.
Nc5 Be1 47. Nb7+ Kc7 48. Nc5 Kd6 49. Ne6 Bf2 50. Nf4 Be1 51. Nd5 Bh4 52. Nc3
Kc6 53. a4 bxa4 54. bxa4 Bg3 55. Kd3 Bc7 56. Kc4 Bd8 57. Ne4 Be7 58. d5+ 1-0

[Event "Tournament (open) (b)"]
[Site "Zhukovsky (Russia)"]
[Date "2010.05.??"]
[Round "4"]
[White "Vatolin, Petr"]
[Black "Podymov Nikolay"]
[Result "1-0"]
[WhiteElo "1670"]
[BlackElo "1398"]
[PlyCount "85"]
[EventDate "2010.??.??"]
[EventRounds "9"]
[EventCountry "RUS"]
[SourceTitle "OM OTB B 201907"]
[Source "Opening Master"]
[SourceDate "2019.07.06"]
[SourceVersion "2"]
[SourceVersionDate "2019.07.06"]
[SourceQuality "1"]

1. e4 e5 2. Nf3 Nc6 3. c3 Bc5 4. d4 exd4 5. cxd4 Bb6 6. Bc4 Na5 7. Bd3 d5 8.
O-O Bg4 9. Re1 Ne7 10. Qa4+ Bd7 11. Qc2 Bg4 12. Ne5 Be6 13. Be3 Nac6 14. Nxc6
bxc6 15. e5 Ng6 16. Qxc6+ Kf8 17. Nd2 Ne7 18. Qc2 Rc8 19. Nb3 g6 20. Bh6+ Ke8
21. Rac1 c6 22. Qe2 Nf5 23. Be3 h5 24. Nc5 Qe7 25. Bxf5 Bxf5 26. b4 h4 27. f3
Kf8 28. Bf2 Qg5 29. e6 Bxc5 30. Qe5 Rh7 31. Rxc5 fxe6 32. Kh1 Rb7 33. Qh8+ Kf7
34. Qh7+ Kf6 35. Qxb7 Re8 36. Be3 Qh5 37. Qxc6 Re7 38. Rxd5 Kf7 39. Rd7 g5 40.
Rxe7+ Kxe7 41. d5 g4 42. d6+ Kf6 43. d7 1-0

[Event "NED-ch U15 Girls"]
[Site "Haarlem"]
[Date "2010.04.29"]
[Round "1"]
[White "Bitalzadeh, Mahsa"]
[Black "Hupkens, Mia Rosa"]
[Result "1-0"]
[WhiteElo "1812"]
[BlackElo "1577"]
[PlyCount "81"]
[EventDate "2010.04.29"]
[EventType "swiss"]
[EventRounds "9"]
[EventCountry "NED"]
[SourceTitle "EXT 2011"]
[Source "ChessBase"]
[SourceDate "2010.11.26"]
[SourceVersion "1"]
[SourceVersionDate "2010.11.26"]
[SourceQuality "1"]

1. e4 e5 2. Nf3 Nc6 3. c3 Nf6 4. d4 exd4 5. e5 Nd5 6. Qb3 Nb6 7. cxd4 d5 8. Nc3
a6 9. Bd3 Bg4 10. Be3 Qd7 11. a3 Be7 12. O-O-O O-O-O 13. Qc2 g6 14. h3 Be6 15.
Ne2 f6 16. Rhe1 fxe5 17. dxe5 Kb8 18. Nf4 Nc8 19. Nxe6 Qxe6 20. Ng5 Bxg5 21.
Bxg5 Rd7 22. f4 Rf7 23. Bf6 Rhf8 24. f5 gxf5 25. Bxf5 Qe8 26. Bxh7 N8e7 27. g4
Ng8 28. Bg6 Nce7 29. Bxf7 Qxf7 30. Rf1 Qe8 31. Qc5 b6 32. Qc3 Qg6 33. Rf2 Nxf6
34. exf6 Ng8 35. Rxd5 Qf7 36. Qd3 Kc8 37. Qxa6+ Kb8 38. Qd3 Kc8 39. g5 Qe6 40.
Rd2 Qc6+ 41. Kb1 1-0

[Event "FICS rated standard game"]
[Site "FICS freechess.org"]
[Date "2010.04.29"]
[Round "?"]
[White "zegovernata"]
[Black "netder"]
[Result "1-0"]
[WhiteElo "2126"]
[BlackElo "2066"]
[PlyCount "37"]
[EventDate "2010.??.??"]
[SourceTitle "OM Portal C 201906"]
[Source "Opening Master"]
[SourceDate "2019.06.27"]
[SourceVersion "1"]
[SourceVersionDate "2019.06.27"]
[SourceQuality "1"]

1. e4 e5 2. Nf3 Nc6 3. c3 Nf6 4. d4 Nxe4 5. d5 Ne7 6. Nxe5 Nf6 7. Bc4 d6 8.
Bb5+ c6 9. dxc6 dxe5 10. c7+ Qd7 11. Bxd7+ Bxd7 12. Na3 Bc6 13. Qe2 Bxg2 14.
Rg1 Be4 15. Nb5 Nc8 16. Bg5 a6 17. O-O-O axb5 18. Rd8+ Ke7 19. Qxe4 1-0